Sémiologie Psychopathologies - Statistiques

Statistiques générales
  • Ce quiz a été pris 15 fois
  • Le résultat moyen est 11 sur 49
Statistiques - réponses
Hint Réponse % Correct
trouble avec tristesse persistante et perte d’intérêt Dépression
83%
besoin irrépressible de parler, discours abondant Logorrhée
83%
incapacité à ressentir du plaisir Anhédonie
67%
ralentissement du cours de la pensée Bradypsychie
67%
humeur normale, stable, sans trouble particulier Euthymie
67%
état d’excitation intense avec humeur élevée et agitation Manie
67%
accélération du cours de la pensée Tachypsychie
67%
diminution voire absence de volonté, avec difficulté à initier une action Aboulie
50%
trouble du comportement alimentaire avec crises de suralimentation incontrôlées Boulimie
50%
tendance excessive à rester allongé au lit Clinophilie
50%
perception sans objet (auditives surtout) Hallucinations
50%
Inconscience de ses propres troubles Anosognosie
33%
émoussement affectif, indifférence Apathie
33%
Contrainte intérieure d'accomplir un acte Compulsion
33%
Répétition involontaire des derniers mots entendus Écholalie
33%
Conscience de la maladie avec capacité à attribuer ses symptômes à une pathologie Insight
33%
état émotionnel global d’une personne Thymie
33%
passage rapide d’un état dépressif à un état maniaque Virage maniaque
33%
fatigue générale, manque d’énergie Asthénie
17%
troubles moteurs extrêmes Catatonie
17%
Impression d'irréalité ou d'étrangeté face au monde extérieur Déréalisation
17%
Répétition automatique des comportements/mouvements d'autrui Échopraxie
17%
déformation d’une perception réelle Illusions
17%
surestimation de soi, idées de grandeur Mégalomanie
17%
pensées répétitives envahissantes Ruminations
17%
Décharge émotionnelle intense liée a un souvenir traumatique Abréaction
0%
Simultanéité de deux sentiments ou comportements opposés Ambivalence
0%
Absence ou diminution des émotions Atonie thymique
0%
Interruption involontaire, brusque et momentanée du discours Barrage
0%
ralentissement des mouvements Bradykinésie
0%
organisation progressive d’un délire en système structuré et cohérent Cristallisation délirante
0%
alternance chronique de petites phases dépressives et hypomaniaques Cyclothymie
0%
humeur dépressive chronique légère Dysthymie
0%
coexistence de symptômes dépressifs et maniaques Épisode mixte
0%
Incapacité à suivre une idée (succession rapide) Fuite des idées
0%
Sensation de boule dans la gorge Globus
0%
exagération de l’estime de soi, sentiment de supériorité Hypertrophie
0%
diminution des expressions du visage Hypominie
0%
croyances fausses, inébranlables Idées délirantes
0%
Négiligence de l'hygiène Incurie
0%
variations rapides de l’humeur Labilité émotionnelle
0%
Ensemble des effets subséquents à une maladie ou un traumatisme Morbidité
0%
absence de parole Mutisme
0%
création de mots nouveaux, souvent incompréhensibles ou personnels Néologisme
0%
trouble de la mémoire avec faux souvenirs ou impression de déjà-vu/déjà-vécu Paramnésie
0%
Passage a l'acte impulsif et brutal Raptus
0%
Répétition automatique de comportements/gestes sans but Stéréotypies
0%
réponse à côté Tangentialité
0%
contenu d’idées marqué par la persécution (se sentir menacé, surveillé) Tonalité persécutive
0%
Aucun quiz correspondant
Distribution des résultats
% des personnes avec chaque résultat
Percentile par nombre de réponses
Votre historique - résultats
Vous n’avez pas pris ce quiz